00362pam a2200145 a 4500020000500000041000500005100001900010245002900029260000900058300000800067653001200075930000900087999001900096952010100115 c h aL. David Mech. aThe Ecolgy and Behaviour c1967 a384 aEcology a1269 c247122d247122 001040708generalaEVPbEVPd2011-09-19l0o pEVP-D24r2023-04-03 00:00:00t1w2023-04-03yBK